000 00742nam a2200229 a 4500
001 000003937
005 20200929150631.0
008 090715s1966 dr ad r 000 0 spa d
040 _aDO-SdBNP
_bspa
_cBNPHU
082 _a347.0504
_bP387g
100 1 _aPellerano Gómez, Juan Ml.
_911850
245 1 0 _aGuia del abogado /
_cJuan Ml. Pellerano Gómez.
260 _aSanto Domingo :
_bCAPELDOM,
_c1966.
300 _a135 p. ;
_c24 cm.
490 1 _aDerecho
504 _aBibliografía : p. 130
500 _aIncluye referencias bibliográficas y notas a pie de páginas.
650 4 _aPráctica del abogado
_zRepública Dominicana
_911851
650 4 _aAbogados
_zRepública Dominicana
_vMANUALES
_911852
830 0 _0Derecho
049 _aBNPD
999 _c3756
_d3756